<?xml version='1.0' encoding='UTF-8'?><?xml-stylesheet href='static/style.xsl' type='text/xsl'?><OAI-PMH xmlns="http://www.openarchives.org/OAI/2.0/" xmlns:xsi="http://www.w3.org/2001/XMLSchema-instance" xsi:schemaLocation="http://www.openarchives.org/OAI/2.0/ http://www.openarchives.org/OAI/2.0/OAI-PMH.xsd"><responseDate>2026-04-30T16:39:12Z</responseDate><request verb="GetRecord" identifier="oai:ebiltegia.mondragon.edu:20.500.11984/5707" metadataPrefix="marc">https://ebiltegia.mondragon.edu/oai/request</request><GetRecord><record><header><identifier>oai:ebiltegia.mondragon.edu:20.500.11984/5707</identifier><datestamp>2024-03-05T12:22:48Z</datestamp><setSpec>com_20.500.11984_473</setSpec><setSpec>col_20.500.11984_476</setSpec></header><metadata><record xmlns="http://www.loc.gov/MARC21/slim" xmlns:dcterms="http://purl.org/dc/terms/" xmlns:xsi="http://www.w3.org/2001/XMLSchema-instance" xmlns:doc="http://www.lyncode.com/xoai" xsi:schemaLocation="http://www.loc.gov/MARC21/slim http://www.loc.gov/standards/marcxml/schema/MARC21slim.xsd">
   <leader>00925njm 22002777a 4500</leader>
   <datafield ind2=" " ind1=" " tag="042">
      <subfield code="a">dc</subfield>
   </datafield>
   <datafield ind2=" " ind1=" " tag="720">
      <subfield code="a">Quintas-Quintas, Marta</subfield>
      <subfield code="e">author</subfield>
   </datafield>
   <datafield ind2=" " ind1=" " tag="720">
      <subfield code="a">Arratibel-Insausti, Nekane</subfield>
      <subfield code="e">author</subfield>
   </datafield>
   <datafield ind2=" " ind1=" " tag="720">
      <subfield code="a">Barquin, Amelia</subfield>
      <subfield code="e">author</subfield>
   </datafield>
   <datafield ind2=" " ind1=" " tag="260">
      <subfield code="c">2022</subfield>
   </datafield>
   <datafield ind2=" " ind1=" " tag="520">
      <subfield code="a">El presente  trabajo busca examinar  la  percepción  de  las  familias  sobre  su  participación  en centros  con  alta  presencia  de  alumnado  inmigrante  y  escasos  recursos  económicos.  Se examinan  las  estrategias  que  facilitan  la  participación,  los  obstáculos  y  las  propuestas  para impulsarla. La  investigación  se  llevó  a  cabo  en  dos  escuelas  de  la  provincia  de  Gipuzkoa mediante 18 entrevistas semiestructuradas y dos grupos de discusión con madres y padres y se analizaron mediante el análisis de contenido. Los resultados muestran que las familias perciben buena relación personal con el profesorado, pero la participación en el centro es baja, sobre todo por parte de las familias inmigrantes. Las familias identificaron estrategias para facilitar la participación  (transmisión  de  información  entre  madres,  existencia  de  espacios  para  el diálogo...),  obstáculos  (insuficiente  dominio  de  la  lengua,  dificultades  económicas, desconocimiento del funcionamiento de los órganos de representación...) y modos de abordar estas y otras dificultades. Se concluye que buena parte de las iniciativas que se llevan a cabo para facilitar la participación dependen de la voluntad de algunas personas y no se encuentran sistematizadas. Escuchar a las familias e incidir conjuntamente en los aspectos que han aflorado en  nuestra  investigación  puede  contribuir  a  incrementar  la  participación  de  todo  tipo  de familias  en  el  centro,  y  particularmente  de  aquellas  que  se  encuentran  en  desventaja;  ello implicaría un mayor esfuerzo en comparación con centros con menor diversidad</subfield>
   </datafield>
   <datafield ind2=" " ind1=" " tag="520">
      <subfield code="a">This work seeks to examine the perception of families about their involvement in schools with a high presence of immigrant students and limited economic resources. Strategies that facilitate participation, obstacles and proposals to promote it are examined. The research was carried out in two schools in the province of Gipuzkoa through 18 semi-structured interviews and two focus-groups with mothers and fathers, which were analyzed by means of content analysis. The results show that families have the perception of having a good personal relationship with teachers, but that participation in the center is low, especially on the part of immigrant families. The families identified strategies to facilitate participation (transmission of information between mothers, existence of spaces for dialogue...), obstacles (insufficient command of the language, financial difficulties, ignorance of the functioning of the representative bodies...) and ways of addressing these and other difficulties. It is concluded that the initiatives carried out to facilitate involvement depend on the willingness of some people and are not systematized. By listening to the families and taking on board the aspects influencing the aspects that have emerged in our research could contribute to increasing the participation of all types of families in the center, and particularly those who are disadvantaged. This would involve a greater level of effort when compared to schools with less diversity.</subfield>
   </datafield>
   <datafield ind1="8" ind2=" " tag="024">
      <subfield code="a">1696-4713</subfield>
   </datafield>
   <datafield ind1="8" ind2=" " tag="024">
      <subfield code="a">https://katalogoa.mondragon.edu/janium-bin/janium_login_opac.pl?find&amp;ficha_no=168457</subfield>
   </datafield>
   <datafield ind1="8" ind2=" " tag="024">
      <subfield code="a">https://hdl.handle.net/20.500.11984/5707</subfield>
   </datafield>
   <datafield tag="653" ind2=" " ind1=" ">
      <subfield code="a">Familia</subfield>
   </datafield>
   <datafield tag="653" ind2=" " ind1=" ">
      <subfield code="a">Relación padres-escuela</subfield>
   </datafield>
   <datafield tag="653" ind2=" " ind1=" ">
      <subfield code="a">Participación familiar</subfield>
   </datafield>
   <datafield tag="653" ind2=" " ind1=" ">
      <subfield code="a">Desigualdad social</subfield>
   </datafield>
   <datafield tag="653" ind2=" " ind1=" ">
      <subfield code="a">Percepción</subfield>
   </datafield>
   <datafield tag="653" ind2=" " ind1=" ">
      <subfield code="a">Family</subfield>
   </datafield>
   <datafield tag="653" ind2=" " ind1=" ">
      <subfield code="a">Parent-school relationship</subfield>
   </datafield>
   <datafield tag="653" ind2=" " ind1=" ">
      <subfield code="a">Family participation</subfield>
   </datafield>
   <datafield tag="653" ind2=" " ind1=" ">
      <subfield code="a">Inequality</subfield>
   </datafield>
   <datafield tag="653" ind2=" " ind1=" ">
      <subfield code="a">Perception</subfield>
   </datafield>
   <datafield ind2="0" ind1="0" tag="245">
      <subfield code="a">Participación Familiar en Escuelas con Alta Presencia de Alumnado Inmigrante y en Desventaja Socioeconómica</subfield>
   </datafield>
</record></metadata></record></GetRecord></OAI-PMH>